00286nam a2200121Ia 4500008004100000041000800041082001200049100002000061245002300081260002900104300002400133365000700157240624s9999 xx 000 0 und d aeng a828 MOD aMODIANO PATRICK aOCCUPATION TRILOGY c2015aLondonbBloomsbury a336 : p. : cm. ; 24 cRS